|
|
|
|
| LEADER |
01372nam a2200361Ia 4500 |
| 001 |
EBC3412221 |
| 003 |
MiAaPQ |
| 005 |
20200520144314.0 |
| 006 |
m o d | |
| 007 |
cr cn||||||||| |
| 008 |
980610s1998 bccac sb 001 0 eng d |
| 016 |
|
|
|z 989106098
|
| 020 |
|
|
|z 0774806974
|
| 020 |
|
|
|z 0774806966 (bound)
|
| 035 |
|
|
|a (MiAaPQ)EBC3412221
|
| 035 |
|
|
|a (Au-PeEL)EBL3412221
|
| 035 |
|
|
|a (CaPaEBR)ebr10141343
|
| 035 |
|
|
|a (CaONFJC)MIL313142
|
| 035 |
|
|
|a (OCoLC)923443420
|
| 040 |
|
|
|a MiAaPQ
|c MiAaPQ
|d MiAaPQ
|
| 050 |
|
4 |
|a HD4901
|b .B75 1998
|
| 100 |
1 |
|
|a Bright, David.
|
| 245 |
1 |
4 |
|a The limits of labour
|h [electronic resource] :
|b class formation and the labour movement in Calgary, 1883-1929 /
|c David Bright.
|
| 260 |
|
|
|a Vancouver :
|b UBC Press,
|c c1998.
|
| 300 |
|
|
|a x, 275 p. :
|b ill., ports.
|
| 504 |
|
|
|a Includes bibliographical references and index.
|
| 533 |
|
|
|a Electronic reproduction. Ann Arbor, MI : ProQuest, 2015. Available via World Wide Web. Access may be limited to ProQuest affiliated libraries.
|
| 650 |
|
0 |
|a Labor movement
|z Alberta
|z Calgary
|x History.
|
| 650 |
|
0 |
|a Working class
|z Alberta
|z Calgary
|x History.
|
| 651 |
|
0 |
|a Calgary (Alta.)
|x Social conditions.
|
| 655 |
|
4 |
|a Electronic books.
|
| 710 |
2 |
|
|a ProQuest (Firm)
|
| 856 |
4 |
0 |
|u https://ebookcentral.proquest.com/lib/matrademy/detail.action?docID=3412221
|z Click to View
|